| 000 | 01369cab a2200337 4500 | ||
|---|---|---|---|
| 001 | ABS50748 | ||
| 008 | 090401t1994 xxu||||| |||| 00| 0 eng d | ||
| 035 | _a(Sirsi) u34270 | ||
| 041 | _aeng | ||
| 100 | _aClements, L. | ||
| 245 | _aTraveller law review | ||
| 260 | _c1994 | ||
| 350 | _a0 | ||
| 490 |
_aLegal Action _vMay 1994, 14-16(3) |
||
| 520 | _aAn update on developments in the criminal and civil law over the past two years relating to gypsies and other travellers. Reviews legislation and caselaw, the Criminal Justice and Public Order Bill and European debate. Trespass, squatting, the provision of caravan sites, infringements of the highway, injunctions against festivals and general planning issues are all raised. | ||
| 650 | _aCHICHESTER DC V SILVESTER AND OTHERS | ||
| 650 | _aDOE CIRCULAR 01/1994 | ||
| 650 | _aEAST HAMPSHIRE DC AND ANOTHER V SCOTT | ||
| 650 | _aGUILDFORD BC V VALLER | ||
| 650 | _aHIGHWAYS ACT 1980 | ||
| 650 | _aMOLE VALLEY DC V SMITH | ||
| 650 | _aR V BEACONSFIELD MAGISTRATES COURT EX P SOUTH BUCKS DC | ||
| 650 | _aR V BRISTOL CITY COUNCIL EX P MCDONOUGH | ||
| 650 | _aR V HEREFORD AND WORCESTER CC EX P SMITH | ||
| 650 | _aR V NORTHAVON DC EX P SMITH | ||
| 650 | _aR V POLLY NEWLAND | ||
| 650 | _aSOUTH HAMS DC V SHOUGH | ||
| 690 | _aPROPERTY LAW AND PRACTICE | ||
| 942 | _n0 | ||
| 948 | _c04/03/1997 | ||
| 999 |
_c22723 _d22723 |
||